000 00909nam a2200265 4500
003 EC-UNACH
006 s||||gr|||| 00| 00
008 150116t9999 mx r gr 000 0 spa d
020 _a84-7901-510-1
040 _aEC-UNACH
_cEC-UNACH
041 _aspa
082 0 4 _223
_a155.6
_bL017426
100 _aUte, Erhardt
245 _aGuía para madres que trabajan
250 _aPrimera Edición
264 _aBarcelona
_bRBA Libros S.A.
_c2000
300 _a94 p.
_bIlustraciones
_c23 cm.
500 _aCompaginar el trabajo, la casa y la familia es una tarea difícil que necesita una organización detallada y efectiva
504 _aBibliografía
505 _aNiños, cocina y carrera.- Las soluciones empiezan en la cabeza.- Soluciones en vez de quejas.
942 _2ddc
_c1
999 _c14427